| 000 | 01239nam a22002177a 4500 | ||
|---|---|---|---|
| 999 |
_c64133 _d64133 |
||
| 003 | Ge_BSU | ||
| 005 | 20260415111156.0 | ||
| 008 | 260415s2000 ge ||||| |||| 00| 0 geo d | ||
| 020 | _a9789941171956 | ||
| 041 | _ageo | ||
| 080 | _a338.22(075.8) შ-93 | ||
| 100 |
_aშუბლაძე, გიორგი _9572 |
||
| 245 |
_aბიზნესის საფუძვლები : _b[სახელმძღვ. უმაღლ. სასწ. სტუდენტებისათვის] / _cგიორგი შუბლაძე, მანანა ნანიტაშვილი; [თსუ, გორის სახელმწ. უნ-ტი]. |
||
| 264 |
_aთბილისი : _bუნივერსალი, _c2010. |
||
| 300 |
_a354 გვ. : _bცხრ., ნახ. ; _c20 სმ. |
||
| 504 | _aბიბლიოგრ.: გვ. 353-354. | ||
| 653 | _aბიზნესი | ||
| 700 |
_aნანიტაშვილი, მანანა _eავტორი _927314 |
||
| 710 |
_aთბილისის სახელმწ. უნივერსიტეტი (თსუ) _bგორის სახელმწ. უნივერსიტეტი _927315 |
||
| 942 |
_2udc _cᲬᲘᲒᲜᲘ |
||